Pioneers (Record no. 1764)

MARC details
000 -LEADER
fixed length control field 00279nam a2200109 4500
082 ## - DEWEY DECIMAL CLASSIFICATION NUMBER
Classification number 813.2
Item number COO/WIL
100 ## - MAIN ENTRY--PERSONAL NAME
Personal name Cooper, J. Fenimore
245 ## - TITLE STATEMENT
Title Pioneers
Statement of responsibility, etc. by J.Fenimoer Cooper
260 ## - PUBLICATION, DISTRIBUTION, ETC.
Place of publication, distribution, etc. London
Name of publisher, distributor, etc. Dent
Date of publication, distribution, etc. 1907
300 ## - PHYSICAL DESCRIPTION
Extent xix,444p.; 18cm.-
490 ## - SERIES STATEMENT
Series statement Everyman's Library; no.171
Holdings
Withdrawn status Lost status Damaged status Not for loan Collection code Home library Current library Date acquired Total Checkouts Full call number Barcode Date last seen Price effective from Koha item type
        ENGLISH North Eastern Hill University North Eastern Hill University 18/11/2011   813.2 COO/WIL A432 18/11/2011 18/11/2011 Books
        ACADEMIC STAFF COLLEGE North Eastern Hill University North Eastern Hill University 18/11/2011   813.2 COO/WIL 3222 18/11/2011 18/11/2011 Books